[Event "Sainte Marie op"]
[Site "Sainte Marie"]
[Date "2005.10.23"]
[Round "9"]
[White "Vebret, Samuel"]
[Black "Blard, Jerome"]
[Result "0-1"]
[WhiteElo "1520"]
[BlackElo "1866"]
[PlyCount "88"]
[EventDate "2005.10.15"]
[EventType "swiss"]
[EventRounds "9"]
[EventCountry "FRA"]
[SourceTitle "EXT 2006"]
[Source "ChessBase"]
[SourceDate "2005.11.24"]
[SourceVersion "1"]
[SourceVersionDate "2005.11.24"]
[SourceQuality "1"]

1. d4 d5 2. Nf3 Nf6 3. Bf4 e6 4. c3 c5 5. e3 Nc6 6. Nbd2 Be7 7. Bd3 0-0 8. Qb1 a6 9. h3 b5 10. g4 g6 11. Bh6 Re8 12. Nh4 Ne4 13. Nxe4 Bxh4 14. Nxc5 Qf6 15. Bf4 g5 16. Bxh7+ Kg7 17. Bg3 Bxg3 18. fxg3 Qf3 19. Rh2 Qxg3+ 20. Rf2 Qxe3+ 21. Kf1 Qxh3+ 22. Ke1 f5 23. Qc2 Qh1+ 24. Rf1 Qxh7 25. Kd1 f4 26. Qg2 Na5 27. b3 Nb7 28. Kd2 Nxc5 29. dxc5 Bb7 30. Rae1 e5 31. c4 e4 32. Kc1 Qg6 33. Rh1 Qf6 34. Qc2 dxc4 35. Kb1 c3 36. Re2 Rh8 37. Rhe1 e3 38. a3 Rae8 39. Ka1 Be4 40. Qc1 c2+ 41. Qb2 Rd8 42. Qxf6+ Kxf6 43. Kb2 Rd1 44. b4 c1Q+ 0-1

[Event "Sainte Marie op"]
[Site "Sainte Marie"]
[Date "2005.10.22"]
[Round "8"]
[White "Ribotte, Yannick"]
[Black "Vebret, Samuel"]
[Result "0-1"]
[WhiteElo "1540"]
[BlackElo "1520"]
[PlyCount "68"]
[EventDate "2005.10.15"]
[EventType "swiss"]
[EventRounds "9"]
[EventCountry "FRA"]
[SourceTitle "EXT 2006"]
[Source "ChessBase"]
[SourceDate "2005.11.24"]
[SourceVersion "1"]
[SourceVersionDate "2005.11.24"]
[SourceQuality "1"]

1. e4 c5 2. Nf3 Nc6 3. d4 cxd4 4. Nxd4 e5 5. Nb5 d6 6. N1c3 a6 7. Bg5 f6 8. Nd5 axb5 9. Be3 Kf7 10. Bb6 Qd7 11. Bxb5 Nge7 12. Nc7 Ra6 13. Bc4+ Kg6 14. Be6 Qxe6 15. Nxe6 Bxe6 16. Be3 h5 17. 0-0 Kf7 18. Qxd6 Nd5 19. Qxe6+ Kxe6 20. exd5+ Kxd5 21. Rfd1+ Ke6 22. b3 Be7 23. a4 f5 24. f3 Bf6 25. Rd2 Rd8 26. Re2 Nd4 27. Bxd4 Rxd4 28. Rae1 f4 29. Kf2 g5 30. g3 Rad6 31. h3 fxg3+ 32. Kxg3 Rd2 33. c4 R6d4 34. Re3 h4# 0-1

[Event "Sainte Marie op"]
[Site "Sainte Marie"]
[Date "2005.10.20"]
[Round "6"]
[White "Vebret, Samuel"]
[Black "Hansch, Klaus Michael"]
[Result "0-1"]
[WhiteElo "1520"]
[BlackElo "2016"]
[PlyCount "58"]
[EventDate "2005.10.15"]
[EventType "swiss"]
[EventRounds "9"]
[EventCountry "FRA"]
[SourceTitle "EXT 2006"]
[Source "ChessBase"]
[SourceDate "2005.11.24"]
[SourceVersion "1"]
[SourceVersionDate "2005.11.24"]
[SourceQuality "1"]

1. c4 c5 2. Nc3 e6 3. e4 Nc6 4. Nf3 d6 5. d3 Be7 6. Bf4 a6 7. Be2 Qc7 8. Qc1 Nf6 9. 0-0 0-0 10. Qd2 Rb8 11. d4 cxd4 12. Nd1 e5 13. Bg3 Nxe4 14. Qc1 Nxg3 15. fxg3 Be6 16. Bd3 Nb4 17. Bb1 Qxc4 18. Nf2 Rbc8 19. Bd3 Nxd3 20. Qxc4 Bxc4 21. Ne4 Bd5 22. Ned2 Nxb2 23. Rfb1 Rc2 24. h4 Rfc8 25. Nb3 Nd3 26. Ne1 Nxe1 27. Rxe1 Rxg2+ 28. Kf1 Rcc2 29. Rec1 Bc4+ 0-1

[Event "Sainte Marie op"]
[Site "Sainte Marie"]
[Date "2005.10.18"]
[Round "4"]
[White "Vaast, Jean Philippe"]
[Black "Vebret, Samuel"]
[Result "0-1"]
[WhiteElo "1640"]
[BlackElo "1520"]
[PlyCount "96"]
[EventDate "2005.10.15"]
[EventType "swiss"]
[EventRounds "9"]
[EventCountry "FRA"]
[SourceTitle "EXT 2006"]
[Source "ChessBase"]
[SourceDate "2005.11.24"]
[SourceVersion "1"]
[SourceVersionDate "2005.11.24"]
[SourceQuality "1"]

1. b4 e5 2. Bb2 d6 3. e3 g6 4. c4 Bg7 5. Nf3 Nd7 6. Be2 Ngf6 7. Nc3 0-0 8. 0-0 c6 9. a3 Qc7 10. d4 e4 11. Nd2 d5 12. Qb3 Qd6 13. cxd5 Nb6 14. dxc6 bxc6 15. Ndxe4 Nxe4 16. Nxe4 Qd5 17. Qxd5 cxd5 18. Nc5 h5 19. h3 Nd7 20. Rac1 Nf6 21. a4 Nd7 22. Ba3 Re8 23. Bf3 Nf6 24. Be2 Bf8 25. Rb1 Bf5 26. Bd3 Bxd3 27. Nxd3 Ne4 28. Rb2 a5 29. Nc5 Nd6 30. Ra2 Nc4 31. b5 f5 32. Bc1 Kf7 33. Nd3 Bd6 34. Ne1 Kf6 35. Nc2 Bb4 36. Ba3 Bc3 37. Rd1 Rac8 38. Rd3 Nxa3 39. Rxa3 Bb2 40. Ne1 Bxa3 41. Rxa3 Rc4 42. Nd3 g5 43. Nc5 Ke7 44. Kf1 f4 45. Ke2 Kf6 46. Nd7+ Kf5 47. Ne5 Rc2+ 48. Kd3 Rxf2 0-1

[Event "Sainte Marie op"]
[Site "Sainte Marie"]
[Date "2005.10.15"]
[Round "1"]
[White "Vebret, Samuel"]
[Black "Caron, Jean Marie"]
[Result "0-1"]
[WhiteElo "1520"]
[BlackElo "1912"]
[PlyCount "70"]
[EventDate "2005.10.15"]
[EventType "swiss"]
[EventRounds "9"]
[EventCountry "FRA"]
[SourceTitle "EXT 2006"]
[Source "ChessBase"]
[SourceDate "2005.11.24"]
[SourceVersion "1"]
[SourceVersionDate "2005.11.24"]
[SourceQuality "1"]

1. c4 e5 2. e4 Nc6 3. Nc3 Bc5 4. Nf3 d6 5. d3 Nge7 6. Be2 0-0 7. Bg5 f6 8. Bd2 Be6 9. Nd5 Nd4 10. b4 Nxf3+ 11. Bxf3 Bd4 12. Nc3 Ng6 13. Rc1 c6 14. Ne2 Bb6 15. h4 f5 16. a4 Nxh4 17. a5 Nxf3+ 18. gxf3 Bc7 19. Ng3 f4 20. Ne2 Qg5 21. Bc3 Qg2 22. Kd2 Qxf2 23. Qf1 Qxf1 24. Rcxf1 d5 25. c5 d4 26. Bb2 b6 27. a6 bxc5 28. bxc5 Rab8 29. Ba1 Ba5+ 30. Kc1 Rb5 31. Ng1 Bb3 32. Rh2 Rxc5+ 33. Kb2 Rb8 34. Ka3 Bc3 35. Bxc3 dxc3 0-1